000 00614nam a2200229Ia 4500
005 20250506172821.0
008 008 250505s9999 xx 000 0 eng d
020 _a9789383575374
037 _aTB
040 _aILCL
_beng
_cILCL
041 _aeng
_2eng
082 _qILCL
100 _aGogoi, Chitta Ranjan
_9754527
245 0 _aAdministrative Justice in USA and India
250 _a1
260 _aNew Delhi
_bSSDN Publishers & Distributors
_c2015
300 _axiii,257p.
365 _aINR
700 _aBaruah, Jyotirmoyee
_9754528
942 _cTB
_2Colon Classification
999 _c1312118
_d1312118